| 000 | 01625nam a22002417a 4500 | ||
|---|---|---|---|
| 003 | DO-SdBJH | ||
| 005 | 20250321132134.0 | ||
| 008 | 250321b |||||||| |||| 00| 0 spa d | ||
| 040 |
_aDO-SdBJH _bspa _cDO-SdBJH |
||
| 090 |
_aTG ANGM _b02283 2023 |
||
| 100 | 1 |
_aTrochez Meza, Ricardo Ramón _esustentante |
|
| 245 | 1 | 0 |
_aDiagnóstico y propuesta para el perfil del oficial naval egresado de la Academia Naval Vicealmirante César A. de Windt Lavandier 2020-2022 / _cRicardo Ramón Trochez Meza, Aaron David Villegas Sierra, asesores Oscar David Neder Machuca, Gertrudis Perera Rodríguez |
| 260 |
_aSanto Domingo Este : _bINSUDE, _c2023 |
||
| 300 | _a106 Páginas, tabla | ||
| 502 | _aTrabajo de grado (Licenciado en Ciencias Navales). -- Instituto Superior para la Defensa (INSUDE). Academia Naval Marina de Guerra “Vicealmirante Cesar D’Windt Lavandier”, 2023 | ||
| 504 | _aIncluye referencias bibliográficas e índices | ||
| 505 | _aSituación del perfil actual el oficial naval egresado de la Academia Naval Vicealmirante César A. de Windt Lavandier. -- Fortalezas y debilidades del del perfil actual el oficial naval egresado de la Academia Naval. -- áreas de formación y recomendaciones para fortalecer la preparación del perfil actual el oficial naval egresado de la Academia Naval | ||
| 700 | 1 |
_aVillegas Sierra, Aaron David _esustentante |
|
| 700 | 1 |
_a Neder Machuca, Oscar David _easesor |
|
| 700 | 1 |
_aPerera Rodríguez, Gertrudis _easesor |
|
| 830 | _aINSUDE. Academia Naval Marina de Guerra “Vicealmirante Cesar D’Windt Lavandier”. Tesis y disertaciones académicas | ||
| 942 |
_2CL _cT |
||
| 999 |
_c8106 _d8106 |
||